000 01045nam a22003977a 4500
005 20250924152238.0
008 180810b2017 xxu||||| |||| 00| 0 spa d
020 _a9789507434082
041 _aESP
082 _a363.25 B744c
100 _aBosquet, Sergio
_949071
245 _aCriminalística forense
260 _aArgentina
260 _bValleta
260 _c2017
300 _a252 páginas
490 _aInvestigación Criminal
650 _aCRIMINALÍSTA FORENSE
650 _aINVESTIGACIÓN CRIMINAL
650 _aIDENTIFICACIÓN DE PERSONAS
650 _aINSPECCIÓN OCULAR
650 _aTECNOLOGÍA DIGITAL
650 _aINDICIOS
650 _aEVIDENCIAS
650 _aARMAS DE FUEGO
650 _aCADÁVER
650 _aDELITOS TECNOLÓGICOS
650 _aRECONOCIMIENTO FOTOGRÁFICO
650 _aESCENA DEL CRIMEN
650 _aPLANIMETRÍA
650 _aHUELLAS LOFOSCÓPICAS
650 _aMANCHAS DE SANGRE
650 _aBALÍSTICA FORENSE
650 _aDOCUMENTOSCOPÍA
942 _cBK
_2ddc
999 _c10992
_d10992